Effect of planting density and fertilisers on growth and early yield of rubber in Tripura (Record no. 48421)

MARC details
000 -LEADER
fixed length control field 00588nam a2200229Ia 4500
100 ## - MAIN ENTRY--AUTHOR NAME
Personal name Roy S
245 #0 - TITLE STATEMENT
Title Effect of planting density and fertilisers on growth and early yield of rubber in Tripura
260 ## - PUBLICATION, DISTRIBUTION, ETC. (IMPRINT)
Name of publisher Natural Rubber Research
Year of publication 2005
300 ## - PHYSICAL DESCRIPTION
Number of Pages 81-86
650 ## - SUBJECT ADDED ENTRY--TOPICAL TERM
Topical Term Growth
650 ## - SUBJECT ADDED ENTRY--TOPICAL TERM
Topical Term Nutrition
650 ## - SUBJECT ADDED ENTRY--TOPICAL TERM
Topical Term PLanting density
650 ## - SUBJECT ADDED ENTRY--TOPICAL TERM
Topical Term Tripura
650 ## - SUBJECT ADDED ENTRY--TOPICAL TERM
Topical Term Wind damage
650 ## - SUBJECT ADDED ENTRY--TOPICAL TERM
Topical Term Yield
700 ## - ADDED ENTRY--PERSONAL NAME
Personal name Chakraborty S K
700 ## - ADDED ENTRY--PERSONAL NAME
Personal name Choudhury T
700 ## - ADDED ENTRY--PERSONAL NAME
Personal name Dey S K
700 ## - ADDED ENTRY--PERSONAL NAME
Personal name Eappen T
942 ## - ADDED ENTRY ELEMENTS (KOHA)
Koha item type Bibliography STAF
Holdings
Withdrawn status Lost status Damaged status Not for loan Home library Current library Shelving location Date acquired Serial Enumeration / chronology Koha item type
      Bibliography RRII Library RRII Library Agronomy 09/04/2014 Volume 18, Issue 1 Bibliography STAF